000 00574nam a2200181Ia 4500
003 GCL
008 140319s9999 xx 000 0 ara d
020 _a3245930977
040 _aGCL /
_cGCL
082 0 4 _a814
_bع ع
100 1 _aعادل حموده
245 1 0 _aعشاق وقتله فى حياتى :
_bمقالات متنوعة للاستاذ عادل حمودة /
_cعادل حموده
250 _aالاولى
260 _aالقاهرة :
_bالفرسان للنشر ،
_c2003
300 _a159 ص ؛
_c10 سم
650 0 4 _aالمقالات
942 _2ddc
_cBK
999 _c5343
_d5343